000 00570nam a22001937a 4500
999 _c188296
_d188296
005 20220517153140.0
010 _aENG-132651
020 _a9789385735066
_c599.00
035 _aEN-116183
037 _bDBAD/PUB
082 _a590
100 _aPande, Suruchi
245 _aFauna and Deities:
_bA Perspective on Nature Conservation/
_cSuruchi Pande, and Satish Pande
260 _aMaharashtra
_bEla Foundation
_c2016
270 _bMaharashtra
300 _a336p.
_bBibliography
_c22cm(pbk)
700 _aPande, Satish
942 _2ddc
_cEN
_h590
_mPAN